Countries that Produce the Most Cotton - Statistics

General Stats
  • This quiz has been taken 1,121 times
  • The average score is 6 of 10
Answer Stats
Tonnes Country % Correct
3,838,887 United States
99%
5,529,493 China
97%
3,330,277 India
93%
890,695 Brazil
84%
1,903,862 Pakistan
73%
834,559 Turkey
62%
591,268 Australia
58%
1,125,894 Uzbekistan
31%
259,150 Turkmenistan
23%
349,081 Greece
19%
No matching quizzes found
Score Distribution
Percent of People with Each Score
Percentile by Number Answered
Your Score History
You have not taken this quiz